Restricted Boltzmann Machine with Limited Resolution Synapse (Record no. 219339)

000 -LEADER
fixed length control field 00396 a2200157 4500
003 - CONTROL NUMBER IDENTIFIER
control field Nust
005 - DATE AND TIME OF LATEST TRANSACTION
control field 20170207171854.0
040 ## - CATALOGING SOURCE
Transcribing agency Nust
082 ## - DEWEY DECIMAL CLASSIFICATION NUMBER
Classification number 005.1
100 ## - MAIN ENTRY--PERSONAL NAME
Personal name Sohail, Shafaq (MSCS-19)
245 ## - TITLE STATEMENT
Title Restricted Boltzmann Machine with Limited Resolution Synapse
Statement of responsibility, etc. Shafaq Sohail,
260 ## - PUBLICATION, DISTRIBUTION, ETC.
Place of publication, distribution, etc. Rawalpindi
Name of publisher, distributor, etc. MCS,NUST
Date of publication, distribution, etc. May 2016
300 ## - PHYSICAL DESCRIPTION
Extent 47 p
650 ## - SUBJECT ADDED ENTRY--TOPICAL TERM
Topical term or geographic name entry element PG Thesis MSCS
651 ## - SUBJECT ADDED ENTRY--GEOGRAPHIC NAME
Geographic name MSCS-19
942 ## - ADDED ENTRY ELEMENTS (KOHA)
Koha item type
Holdings
Withdrawn status Lost status Source of classification or shelving scheme Damaged status Not for loan Permanent Location Current Location Date acquired Full call number Barcode Date last seen Price effective from Koha item type Shelving location Total Checkouts
          Central Library (CL) Central Library (CL) 11/12/2020 005 CL-T-1301 11/12/2020 11/12/2020   Thesis  
          Central Library (CL) Central Library (CL) 11/18/2020 005 CL-T-1369 11/18/2020 11/18/2020   Thesis  
          Military College of Signals (MCS) Military College of Signals (MCS) 12/12/2016 005.1 SOH MCSTCS-374 12/08/2016 12/12/2016 Book    
© 2023 Central Library, National University of Sciences and Technology. All Rights Reserved.